000 00341nam a22001457a 4500
082 _a894.827 2
_bAPP/K
100 _aApparao G
245 _aKanyasulkham/
_cby Apparao G
260 _a
_bVishaladra,
_c1994.
300 _a222p.
650 _aDrama Telugu Literature
650 _aLiterature Telugu
650 _aLiterature
942 _cBK
999 _c175841
_d175841